| 000 | 04831nam a22004337a 4500 | ||
|---|---|---|---|
| 005 | 20081029101444.0 | ||
| 010 | _aHIN-89194 | ||
| 020 |
_a9788183612951 _c250.00 |
||
| 035 | _aHN-61540 | ||
| 035 | _aB-393176-190 | ||
| 037 | _bराधाकृष्ण प्रकाशन/ PUB | ||
| 082 | _a827 | ||
| 100 |
_aपुराणिक, आलोक _922980 |
||
| 245 |
_aबालम, तू काहे न हुआ एन.आर.आई. / _cआलोक पुराणिक |
||
| 246 |
_aBalam, tu kahe na hua N.R.I _bby Alok Puranik |
||
| 260 |
_aनई दिल्ली _bराधाकृष्ण प्रकाशन _c2009 |
||
| 270 |
_a7/31, अंसार रोड, दरियागंज _bनई दिल्ली _e110002 |
||
| 300 |
_a191पृ _c22सेमी (सजिल्द) |
||
| 650 |
_aव्यंग्य, हिन्दी _9675 |
||
| 650 |
_aSatires, Hindi _922981 |
||
| 942 |
_2ddc _cHN _mपुराणि _h827 |
||
| 999 |
_c34243 _d34243 |
||